000 00896nam a2200181Ia 4500
008 100921s9999 xx 000 0 und d
082 _b19681
_a954.792 थ 85
100 _aवाबगावकर रमेश,खांदेवाले श्रीकृष्ण.
245 _aआपला महाराष्ट्र-परंपरा व प्रगती.
260 _bमहाराष्ट्र राज्य प्रसिध्दि विभाग,मुंबई.
_c1985
300 _a344
_b---
365 _b0
520 _aइतिहास-महाराष्ट्र.
630 _aआपला महाराष्ट्र-परंपरा व प्रगती.
650 _aइतिहास-महाराष्ट्र.
730 _aआपला महाराष्ट्र-परंपरा व प्रगती.
942 _cBOOK
999 _c768794
_d768791